000 00906nam a2200241Ia 4500
999 _c5506
_d5506
003 OSt
005 20200617180837.0
008 191128s1955 sp ad gr 001 0 spa d
040 _aCO-JMCR
_cCO-JMCR
041 0 _aspa
082 0 4 _a330.15 /
_bB275e
_223
100 1 _aBernacer, German,
_eautor
_95757
245 1 0 _aUna economía libre sin crisis y sin paro /
_cGerman Bernacer
260 _aMadrid :
_bAguilar,
_c1955.
300 _axix, 316 páginas :
_bgráficos a blanco y negro ;
_c20 cm.
490 0 _aBiblioteca de ciencias sociales. Sección : economía ;
_v1
500 _aÍndice alfabético de autores, materias e ilustraciones Incluye apéndices
505 0 _aConceptos -- Valores -- Desequilibrios -- Soluciones
650 1 4 _aHistoria económica
_xEconomía
_95758
650 2 4 _aCapital económico
_xMercado financiero
_95759
650 2 4 _aTeoría económica
_95760
942 _2ddc
_cBK